Progresívne metódy riešenia podnikovej logistiky diplomová práca

Enregistré dans:
Détails bibliographiques
Auteur principal: Černický, Michal
Collectivité auteur: Fakulta podnikového manažmentu EU. Katedra manažmentu výroby a logistiky - zrušená
Autres auteurs: Stern, Juraj
Format: Livre
Langue:slovaque
Publié: Bratislava 2014
Tags: Ajouter un tag
Pas de tags, Soyez le premier à ajouter un tag!

MARC

LEADER 00000nbm a2200000 4500
001 0188136
005 20170201093522.0
041 0 |a slo 
044 |a SK 
245 1 0 |a Progresívne metódy riešenia podnikovej logistiky  |b diplomová práca  |c Michal Černický ; školiteľ: Juraj Stern 
264 1 |a Bratislava  |c 2014 
300 |a 76 s. 
100 1 |a Černický, Michal 
700 1 |a Stern, Juraj 
710 2 |a Fakulta podnikového manažmentu EU. Katedra manažmentu výroby a logistiky - zrušená